Elementary surveying: (Record no. 157594)

MARC details
000 -LEADER
fixed length control field 00758nam a22002297a 4500
005 - DATE AND TIME OF LATEST TRANSACTION
control field 20181010105621.0
010 ## - LCCN (DPL NO)
LC control number ENG-124009
020 ## - INTERNATIONAL STANDARD BOOK NUMBER
International Standard Book Number 9789353061739
Terms of availability 869.00
035 ## - SYSTEM CONTROL NUMBER
System control number EN-107541
037 ## - SOURCE OF ACQUISITION
Source of stock number/acquisition DBAD/PUB
082 ## - DEWEY DECIMAL CLASSIFICATION NUMBER
Classification number 526.9
100 ## - MAIN ENTRY--PERSONAL NAME
Personal name Ghilani, Charles D.
245 ## - TITLE STATEMENT
Title Elementary surveying:
Statement of responsibility, etc by Charles D. Ghilani; Paul R. Wolf [and] K. Srinivasa Raju
Remainder of title an introduction to geomatics /
250 ## - EDITION STATEMENT
Edition statement 13th ed.
260 ## - PUBLICATION, DISTRIBUTION, ETC. (IMPRINT)
Place of publication, distribution, etc Noida
Name of publisher, distributor, etc Pearson
Date of publication, distribution, etc 2018
270 ## - ADDRESS
Address 15th Floor, Tower B, Worls Trade Tower, Plot No.1, Block -C
City Noida (UP)
Postal code 201301
300 ## - PHYSICAL DESCRIPTION
Extent 982p.
Dimensions 25cm.(pbk)
Other physical details ill.
500 ## - GENERAL NOTE
General note It include appendix A- G, index
700 ## - ADDED ENTRY--PERSONAL NAME
Personal name Wolf, Paul R.
700 ## - ADDED ENTRY--PERSONAL NAME
Personal name Srinivasa Raju K.
942 ## - ADDED ENTRY ELEMENTS (KOHA)
Source of classification or shelving scheme Dewey Decimal Classification
Item type English Books
Classification part 526.9
Call number suffix GHI
Holdings
Withdrawn status Lost status Not for loan Collection code Home library Current library Date acquired Source of acquisition Cost, normal purchase price Full call number Barcode Copy number Cost, replacement price Koha item type
    Not For Loan Non-fiction D.B.Act.Division Sarojini Nagar 20/09/2018 DBAD/PUB 869.00 526.9 GHI EN-107541 1 869.00 English Books

© Delhi Public Library
Hit Counter
free hit counter